| 000 | nam a22 a 4500 | ||
|---|---|---|---|
| 999 |
_c4431 _d4431 |
||
| 005 | 20170530094606.0 | ||
| 008 | 170530b1997 my ||||| |||| 00| 0 may d | ||
| 040 | _aAKMAL | ||
| 082 | _a354.59507246 ABD | ||
| 090 |
_a354.59507246 _bABD |
||
| 100 |
_aAbdul Latif bin Abdul Kadir _98601 |
||
| 245 |
_aHubungan Keberkesanan Latihan dengan Presasi Kerja Pegawai-Pegawai Kastam / _cAbdul Latif bin Abdul Kadir |
||
| 260 |
_aMalaysia _c1997 |
||
| 300 |
_a120 p. _ccm |
||
| 942 |
_2ddc _cBOOK |
||